[Event "3. Open Internacional de Calviá"]
[Site "Calvia ESP"]
[Date "2006.10.27"]
[Round "8.36"]
[White "Tate, Alan"]
[Black "Planas Gene, Juan"]
[Result "0-1"]
[WhiteElo "2052"]
[BlackElo "2191"]
[PlyCount "64"]
[EventDate "2006.10.20"]
[EventType "swiss"]
[EventRounds "9"]
[EventCountry "ESP"]
[Source "lmi"]
[SourceDate "2006.10.20"]

1. e4 c5 2. Nc3 Nc6 3. f4 e5 4. Bc4 Nf6 5. d3 a6 6. a4 d6 7. Nf3 Rb8 8. O-O Be7
9. h3 Nd4 10. fxe5 Nxf3+ 11. Qxf3 dxe5 12. Nd5 Be6 13. Nxe7 Qxe7 14. Bg5 Bxc4
15. dxc4 Rd8 16. Bxf6 gxf6 17. b3 Rd2 18. Qg4 Kf8 19. Rad1 Rxg2+ 20. Kxg2 Rg8
21. Kf3 Rxg4 22. hxg4 Qe6 23. Rh1 Kg8 24. Rh6 Qb6 25. g5 Kg7 26. Rdh1 Qd8 27.
gxf6+ Kf8 28. Re1 Qd2 29. Re3 Qd1+ 30. Re2 Qg1 31. Rf2 Qc1 32. Rfh2 Qf4+ 0-1

[Event "3. Open Internacional de Calviá"]
[Site "Calvia ESP"]
[Date "2006.10.27"]
[Round "8.37"]
[White "Ruiz Vinals, Matias"]
[Black "Hoenick, Andreas"]
[Result "0-1"]
[WhiteElo "2030"]
[BlackElo "2177"]
[PlyCount "68"]
[EventDate "2006.10.20"]
[EventType "swiss"]
[EventRounds "9"]
[EventCountry "ESP"]
[Source "lmi"]
[SourceDate "2006.10.20"]

1. d4 Nf6 2. c4 e6 3. Nc3 Bb4 4. f3 d5 5. a3 Bxc3+ 6. bxc3 c5 7. cxd5 Nxd5 8.
dxc5 f5 9. Nh3 O-O 10. g3 Qa5 11. Qb3 Na6 12. Bd2 Nxc5 13. Qc2 Qc7 14. Bg2 Bd7
15. Nf4 Ba4 16. Nxd5 exd5 17. Qa2 Bb3 18. Bf4 Qe7 19. Qd2 Bc4 20. Bg5 Qe6 21.
Qe3 Rae8 22. Qxe6+ Rxe6 23. O-O-O h6 24. Bd2 Bxe2 25. Rde1 Nd3+ 26. Kc2 Nxe1+
27. Rxe1 Rfe8 28. Rb1 b6 29. h4 Kf7 30. Rb4 Bc4 31. Bh3 Kf6 32. g4 Re2 33. Bf1
Rxd2+ 34. Kxd2 Bxf1 0-1

[Event "3. Open Internacional de Calviá"]
[Site "Calvia ESP"]
[Date "2006.10.27"]
[Round "8.38"]
[White "Vianello, Enrico"]
[Black "Suuronen, Petri"]
[Result "0-1"]
[WhiteElo "2164"]
[BlackElo "1925"]
[PlyCount "62"]
[EventDate "2006.10.20"]
[EventType "swiss"]
[EventRounds "9"]
[EventCountry "ESP"]
[Source "lmi"]
[SourceDate "2006.10.20"]

1. d4 d6 2. Nf3 Bg4 3. e4 Nf6 4. Nc3 e6 5. Be2 Be7 6. Be3 c6 7. a4 a5 8. h3
Bxf3 9. Bxf3 d5 10. O-O dxe4 11. Nxe4 Nxe4 12. Bxe4 Nd7 13. c3 Nf6 14. Bc2 Nd5
15. Bd2 Bg5 16. f4 Bf6 17. Qf3 Qb6 18. Rab1 g6 19. Kh1 O-O 20. g4 Rae8 21. h4
c5 22. Be4 cxd4 23. c4 Ne3 24. Bxe3 dxe3 25. Bxb7 Bxh4 26. Be4 Rd8 27. Rfd1 Bf2
28. Qe2 Qc7 29. f5 Qg3 30. Qf3 Rxd1+ 31. Rxd1 e2 0-1

[Event "3. Open Internacional de Calviá"]
[Site "Calvia ESP"]
[Date "2006.10.27"]
[Round "8.39"]
[White "Moreto Quintana, Alex"]
[Black "Sorell Nicolau, Pau"]
[Result "1-0"]
[WhiteElo "2162"]
[BlackElo "1888"]
[PlyCount "69"]
[EventDate "2006.10.20"]
[EventType "swiss"]
[EventRounds "9"]
[EventCountry "ESP"]
[Source "lmi"]
[SourceDate "2006.10.20"]

1. d4 Nf6 2. c4 c5 3. d5 e6 4. Nc3 exd5 5. cxd5 d6 6. e4 g6 7. f4 Bg7 8. Nf3
O-O 9. Be2 Re8 10. Nd2 a6 11. a4 Nfd7 12. O-O Nf8 13. Nc4 Qc7 14. e5 dxe5 15.
d6 Qd8 16. Nd5 e4 17. Ne7+ Kh8 18. Nxc8 Nc6 19. N8b6 Rb8 20. f5 Bd4+ 21. Kh1
Qh4 22. fxg6 Bf2 23. gxf7 Re6 24. Bg5 Qxg5 25. Rxf2 Nd4 26. Ra3 e3 27. Rf1 Rd8
28. Qd3 Rg6 29. Nxe3 Rdxd6 30. Nbc4 Kg7 31. Nxd6 Nfe6 32. Bg4 Nf4 33. Qe4 Nde6
34. Nef5+ Kf8 35. Rxf4 1-0

[Event "3. Open Internacional de Calviá"]
[Site "Calvia ESP"]
[Date "2006.10.28"]
[Round "9.1"]
[White "Damljanovic, Branko"]
[Black "Nijboer, Friso"]
[Result "0-1"]
[WhiteElo "2595"]
[BlackElo "2641"]
[PlyCount "108"]
[EventDate "2006.10.20"]
[EventType "swiss"]
[EventRounds "9"]
[EventCountry "ESP"]
[Source "lmi"]
[SourceDate "2006.10.20"]

1. c4 Nf6 2. Nc3 g6 3. e4 d6 4. d4 Bg7 5. Nf3 O-O 6. Be2 e5 7. Be3 Ng4 8. Bg5
f6 9. Bc1 exd4 10. Nxd4 f5 11. h3 Nh6 12. exf5 Nxf5 13. Nxf5 Bxf5 14. Be3 Nc6
15. Qd2 Kh8 16. Rd1 Qf6 17. O-O Rae8 18. Bg5 Qf7 19. Bh6 Bxh6 20. Qxh6 Ne5 21.
b3 g5 22. f4 Ng6 23. fxg5 Qe6 24. Bh5 Rf7 25. Nd5 c6 26. Bxg6 Qxg6 27. Qxg6
Bxg6 28. Nf6 Re6 29. Rde1 Rfe7 30. Rxe6 Rxe6 31. h4 Kg7 32. Rf2 a6 33. Kh2 b5
34. g4 bxc4 35. bxc4 Bd3 36. Rb2 Re2+ 37. Rxe2 Bxe2 38. Ne8+ Kf7 39. Nxd6+ Ke6
40. c5 Bxg4 41. Kg3 Bh5 42. Kf4 Kd5 43. Ne4 Bg6 44. Nf6+ Kxc5 45. Nxh7 Bxh7 46.
h5 Bb1 47. g6 Kd6 48. Kg5 Ke7 49. h6 Kf8 50. Kf6 Kg8 51. a4 a5 52. h7+ Kh8 53.
Kf7 Ba2+ 54. Kf6 Bb3 0-1

[Event "3. Open Internacional de Calviá"]
[Site "Calvia ESP"]
[Date "2006.10.28"]
[Round "9.3"]
[White "Bruzon, Lazaro"]
[Black "Romanishin, Oleg M"]
[Result "0-1"]
[WhiteElo "2648"]
[BlackElo "2542"]
[PlyCount "68"]
[EventDate "2006.10.20"]
[EventType "swiss"]
[EventRounds "9"]
[EventCountry "ESP"]
[Source "lmi"]
[SourceDate "2006.10.20"]

1. d4 Nf6 2. c4 e6 3. Nc3 Bb4 4. f3 c5 5. d5 Nh5 6. Nh3 d6 7. Nf2 f5 8. g4 Nf6
9. g5 Nh5 10. f4 h6 11. Rg1 Qe7 12. e4 hxg5 13. Rxg5 Nf6 14. e5 exd5 15. cxd5
dxe5 16. d6 Qe6 17. Rxg7 Nc6 18. Bg2 Kf8 19. Rg5 exf4+ 20. Kf1 Ne5 21. Qe2 Bxc3
22. bxc3 f3 23. Bxf3 Nxf3 24. Qxf3 Qxd6 25. Bf4 Qd5 26. Qg3 Nh5 27. Rxh5 Rxh5
28. Rd1 Qc4+ 29. Kg1 Be6 30. Be5 Qh4 31. Qg7+ Ke8 32. Bf6 Qxh2+ 33. Kf1 Rh7 34.
Qg6+ Kf8 0-1

[Event "3. Open Internacional de Calviá"]
[Site "Calvia ESP"]
[Date "2006.10.28"]
[Round "9.4"]
[White "Hamdouchi, Hichem"]
[Black "Conquest, Stuart"]
[Result "1/2-1/2"]
[WhiteElo "2582"]
[BlackElo "2530"]
[PlyCount "100"]
[EventDate "2006.10.20"]
[EventType "swiss"]
[EventRounds "9"]
[EventCountry "ESP"]
[Source "lmi"]
[SourceDate "2006.10.20"]

1. e4 d6 2. d4 Nf6 3. Nc3 c6 4. h3 Nbd7 5. a4 e5 6. Be3 Be7 7. g4 Qa5 8. Bg2 d5
9. exd5 Nxd5 10. Bxd5 cxd5 11. Nge2 O-O 12. O-O Rd8 13. Ng3 Nb6 14. dxe5 d4 15.
Bxd4 Nc4 16. Nb5 a6 17. Nd6 Nxd6 18. exd6 Bxd6 19. Qf3 Be6 20. Qe3 Re8 21. Bc3
Qc7 22. Rfe1 f6 23. Qf3 Bxg3 24. fxg3 Bf7 25. Kh2 Bg6 26. Qf2 Qc6 27. a5 Rad8
28. Rac1 h6 29. h4 Qc4 30. Kh3 Qc6 31. Qf4 Re4 32. Rxe4 Qxe4 33. Qxe4 Bxe4 34.
Re1 Re8 35. Re2 Kf7 36. Bb4 Bc6 37. Rxe8 Bxe8 38. Kg2 g5 39. Kf3 Ba4 40. b3 Bd7
41. Bd2 Bc6+ 42. Ke3 Ke6 43. c4 f5 44. hxg5 hxg5 45. Kd4 fxg4 46. Kc5 Kd7 47.
Bxg5 Kc8 48. Bf4 Bf3 49. b4 Be2 50. b5 Bf1 1/2-1/2

[Event "3. Open Internacional de Calviá"]
[Site "Calvia ESP"]
[Date "2006.10.28"]
[Round "9.5"]
[White "Spraggett, Kevin"]
[Black "Gajewski, Grzegorz"]
[Result "1-0"]
[WhiteElo "2610"]
[BlackElo "2515"]
[PlyCount "143"]
[EventDate "2006.10.20"]
[EventType "swiss"]
[EventRounds "9"]
[EventCountry "ESP"]
[Source "lmi"]
[SourceDate "2006.10.20"]

1. e4 e5 2. Nf3 Nc6 3. Bb5 a6 4. Ba4 Nf6 5. O-O Be7 6. Re1 b5 7. Bb3 d6 8. c3
O-O 9. h3 Rb8 10. d4 exd4 11. cxd4 d5 12. e5 Ne4 13. Nbd2 Bf5 14. Bc2 Nb4 15.
Bxe4 dxe4 16. Nxe4 Qd5 17. Bg5 Bxg5 18. Nfxg5 Rbd8 19. a3 Nc6 20. Nc3 Qxd4 21.
Qf3 Ne7 22. Rad1 Qc4 23. Nge4 Bxe4 24. Nxe4 Ng6 25. Qe3 Rxd1 26. Rxd1 Nxe5 27.
Nc5 Qc2 28. Re1 Nc4 29. Qe7 h6 30. b4 Nxa3 31. Nd7 Rc8 32. Re3 Qc4 33. Nf6+
gxf6 34. Qxf6 Qc1+ 35. Kh2 Qxe3 36. fxe3 Nc4 37. Qxa6 Nd6 38. Qc6 Kg7 39. e4
Re8 40. Qxc7 Nxe4 41. Qd7 Re5 42. Qg4+ Kh7 43. Qf4 f6 44. h4 h5 45. g4 hxg4 46.
Qxg4 Kh6 47. Kg2 Kh7 48. Qd7+ Kh6 49. Kf3 Kg6 50. Qg4+ Ng5+ 51. hxg5 Rf5+ 52.
Ke4 Rxg5 53. Qd7 Re5+ 54. Kd4 Rg5 55. Qe8+ Kg7 56. Qe7+ Kg6 57. Qf8 Re5 58.
Qg8+ Kh6 59. Qf7 Kg5 60. Qg7+ Kf5 61. Qg8 Kf4 62. Qg6 Rf5 63. Qg2 Re5 64. Qg1
Kf5 65. Qg8 Kf4 66. Qg6 Rf5 67. Kd3 Rd5+ 68. Kc3 Ke5 69. Qf7 f5 70. Qe7+ Kf4
71. Qe6 Re5 72. Qd6 1-0

[Event "3. Open Internacional de Calviá"]
[Site "Calvia ESP"]
[Date "2006.10.28"]
[Round "9.7"]
[White "Heberla, Bartlomiej"]
[Black "Wehmeier, Stefan"]
[Result "1-0"]
[WhiteElo "2569"]
[BlackElo "2400"]
[PlyCount "105"]
[EventDate "2006.10.20"]
[EventType "swiss"]
[EventRounds "9"]
[EventCountry "ESP"]
[Source "lmi"]
[SourceDate "2006.10.20"]

1. e4 e5 2. Nf3 Nc6 3. Bb5 a6 4. Ba4 Nf6 5. O-O Be7 6. Bxc6 dxc6 7. d3 Nd7 8.
Nbd2 Bf6 9. Nc4 Qe7 10. b3 c5 11. Ne3 b6 12. Bb2 Bb7 13. Ng4 h5 14. Nxf6+ Qxf6
15. Nd2 g5 16. Nc4 O-O-O 17. a3 Qe6 18. Ne3 Nf8 19. Qf3 f6 20. Qf5 Qxf5 21.
Nxf5 Ne6 22. h4 gxh4 23. Nxh4 Rhg8 24. f3 b5 25. Bc3 Bc6 26. Kf2 Be8 27. Nf5
Rd7 28. Rh1 Bg6 29. Ne3 c6 30. Rh4 Bf7 31. g3 Nd4 32. Bxd4 cxd4 33. Nf5 Bg6 34.
Rah1 Rf8 35. g4 hxg4 36. fxg4 c5 37. Rh8 Rxh8 38. Rxh8+ Kc7 39. Nh4 Bf7 40. Rh6
Be6 41. Kf3 Rf7 42. Nf5 c4 43. bxc4 bxc4 44. g5 cxd3 45. cxd3 Bxf5 46. exf5
fxg5 47. Ke4 Kb7 48. Kxe5 g4 49. f6 Rc7 50. Rg6 Rc5+ 51. Ke4 Rc1 52. Rxg4 Re1+
53. Kf5 1-0

[Event "3. Open Internacional de Calviá"]
[Site "Calvia ESP"]
[Date "2006.10.28"]
[Round "9.8"]
[White "Dimakiling, Oliver"]
[Black "Godena, Michele"]
[Result "0-1"]
[WhiteElo "2476"]
[BlackElo "2522"]
[PlyCount "76"]
[EventDate "2006.10.20"]
[EventType "swiss"]
[EventRounds "9"]
[EventCountry "ESP"]
[Source "lmi"]
[SourceDate "2006.10.20"]

1. d4 d5 2. Nf3 Nf6 3. Bg5 Ne4 4. Nc3 Nxg5 5. Nxg5 e5 6. h4 h6 7. Nf3 e4 8. Ne5
c6 9. e3 Qb6 10. a3 Bd6 11. Qh5 Qxb2 12. Kd2 Qxa1 13. Nxf7 Bxa3 14. Nxh8+ Kd8
15. Nf7+ Ke7 16. Ne2 Be6 17. Ne5 Nd7 18. f3 Rg8 19. Ng6+ Kd6 20. Ngf4 g6 21.
Nxg6 Bf7 22. fxe4 Bxg6 23. Qxh6 dxe4 24. Qf4+ Ke7 25. h5 Nb6 26. Qc7+ Kf8 27.
Qd8+ Be8 28. Qf6+ Bf7 29. Qd8+ Be8 30. Qf6+ Bf7 31. Qd8+ Kg7 32. Qg5+ Kh7 33.
Qf5+ Kh8 34. Qxf7 Rf8 35. Qe6 Nc4+ 36. Qxc4 Rf2 37. Qa4 Qc1+ 38. Kc3 Qxe3+ 0-1

[Event "3. Open Internacional de Calviá"]
[Site "Calvia ESP"]
[Date "2006.10.28"]
[Round "9.10"]
[White "Das, Arghyadip"]
[Black "Jones, Gawain C"]
[Result "0-1"]
[WhiteElo "2373"]
[BlackElo "2430"]
[PlyCount "112"]
[EventDate "2006.10.20"]
[EventType "swiss"]
[EventRounds "9"]
[EventCountry "ESP"]
[Source "lmi"]
[SourceDate "2006.10.20"]

1. e4 c5 2. Nf3 d6 3. d4 cxd4 4. Nxd4 Nf6 5. f3 Nc6 6. c4 e6 7. Nc3 Be7 8. Be3
O-O 9. Be2 d5 10. exd5 exd5 11. O-O Bc5 12. Kh1 Qe7 13. Bf2 Rd8 14. Nxc6 bxc6
15. cxd5 Bxf2 16. Rxf2 Nxd5 17. Qc1 Rb8 18. Bc4 Qh4 19. Ne4 Bf5 20. Ng3 Be6 21.
Rd2 Qf6 22. Ne4 Qe5 23. Nc5 Bf5 24. Bxd5 Rxd5 25. Nb3 Be6 26. Rxd5 Bxd5 27. Qd2
Re8 28. Qf2 h5 29. Kg1 h4 30. h3 g5 31. Nc5 a5 32. a3 Qe2 33. Na4 f5 34. Rc1 g4
35. hxg4 fxg4 36. Qxe2 Rxe2 37. Nc3 Rxb2 38. Nxd5 cxd5 39. fxg4 Kf7 40. Rc5 Ke6
41. Rxa5 d4 42. Ra8 Ke5 43. Rd8 Ke4 44. g5 Rb5 45. Re8+ Kd3 46. Rh8 Ke3 47.
Re8+ Kd2 48. g6 Rg5 49. Kf2 Rxg6 50. Kf3 Rd6 51. Re2+ Kc3 52. Kg4 d3 53. Re1 d2
54. Rh1 Rd4+ 55. Kg5 Kc2 56. a4 Rxa4 0-1

[Event "3. Open Internacional de Calviá"]
[Site "Calvia ESP"]
[Date "2006.10.28"]
[Round "9.13"]
[White "Hernandez, Holden"]
[Black "So, Wesley"]
[Result "1/2-1/2"]
[WhiteElo "2524"]
[BlackElo "2411"]
[PlyCount "64"]
[EventDate "2006.10.20"]
[EventType "swiss"]
[EventRounds "9"]
[EventCountry "ESP"]
[Source "lmi"]
[SourceDate "2006.10.20"]

1. d4 Nf6 2. c4 e6 3. Nf3 b6 4. a3 Bb7 5. Nc3 d5 6. cxd5 Nxd5 7. e3 g6 8. Bb5+
c6 9. Bd3 Bg7 10. O-O O-O 11. Qe2 c5 12. Nxd5 exd5 13. b3 Nc6 14. Bb2 cxd4 15.
Nxd4 Nxd4 16. Bxd4 Bxd4 17. exd4 Re8 18. Qb2 Qf6 19. Rae1 Rac8 20. g3 Qf3 21.
Qd2 Bc6 22. Ba6 Rxe1 23. Rxe1 Re8 24. Rxe8+ Bxe8 25. Qe3 Qxe3 26. fxe3 Bc6 27.
Kf2 f5 28. Kf3 Kf7 29. Kf4 Kf6 30. h4 h6 31. Bc8 Bb5 32. Kf3 Bd3 1/2-1/2

[Event "3. Open Internacional de Calviá"]
[Site "Calvia ESP"]
[Date "2006.10.28"]
[Round "9.14"]
[White "Sulskis, Sarunas"]
[Black "Larino Nieto, David"]
[Result "1/2-1/2"]
[WhiteElo "2518"]
[BlackElo "2406"]
[PlyCount "86"]
[EventDate "2006.10.20"]
[EventType "swiss"]
[EventRounds "9"]
[EventCountry "ESP"]
[Source "lmi"]
[SourceDate "2006.10.20"]

1. e4 e6 2. d4 d5 3. Nc3 Bb4 4. e5 c5 5. a3 Bxc3+ 6. bxc3 Ne7 7. Qg4 O-O 8. Bd3
f5 9. exf6 Rxf6 10. Bg5 Nd7 11. Qh4 h6 12. Bxf6 Nxf6 13. dxc5 e5 14. f3 e4 15.
fxe4 dxe4 16. Bc4+ Kh7 17. Nh3 Bxh3 18. Qxh3 Qa5 19. Rd1 Qxc5 20. Be6 Kh8 21.
Rf1 Nh7 22. Qg3 Ng5 23. Bg4 Re8 24. Rd6 Nd5 25. Rxd5 Qxd5 26. Qe3 Qb5 27. Be2
Qb1+ 28. Kf2 Rf8+ 29. Kg1 Rxf1+ 30. Bxf1 Qxc2 31. h4 Ne6 32. g3 b6 33. Bg2 Nc5
34. Qd4 Qd3 35. Kf2 Qc2+ 36. Kg1 Qe2 37. Qe5 h5 38. Bh3 Qd1+ 39. Kh2 Qe2+ 40.
Kg1 Qf3 41. Bf5 Qd1+ 42. Kh2 Qe2+ 43. Kh3 Qf1+ 1/2-1/2

[Event "3. Open Internacional de Calviá"]
[Site "Calvia ESP"]
[Date "2006.10.28"]
[Round "9.15"]
[White "Caruana, Fabiano"]
[Black "Zawadzka, Jolanta"]
[Result "1-0"]
[WhiteElo "2474"]
[BlackElo "2353"]
[PlyCount "118"]
[EventDate "2006.10.20"]
[EventType "swiss"]
[EventRounds "9"]
[EventCountry "ESP"]
[Source "lmi"]
[SourceDate "2006.10.20"]

1. e4 c5 2. Nf3 Nc6 3. d4 cxd4 4. Nxd4 Nf6 5. Nc3 d6 6. Bg5 e6 7. Qd2 a6 8.
O-O-O Bd7 9. f4 h6 10. Bh4 g5 11. fxg5 Ng4 12. Be2 Nge5 13. Nf3 Be7 14. Rhg1
Ng6 15. g3 h5 16. Rdf1 Qa5 17. Bd3 O-O-O 18. Kb1 Be8 19. Ne2 Qc5 20. Nf4 Nce5
21. Nxe5 Nxe5 22. Qe2 Kb8 23. Nxh5 Ng6 24. Rg2 Rc8 25. Ng7 Rh7 26. Nxe8 Rxe8
27. e5 Rg8 28. Rgf2 Rhg7 29. exd6 Qxd6 30. Rxf7 Ne5 31. Rxg7 Rxg7 32. Be4 Bxg5
33. Bxg5 Rxg5 34. Rd1 Qc7 35. Qd2 Rg8 36. Qf4 Ng4 37. a3 Qxf4 38. gxf4 Nf2 39.
Rd4 Rh8 40. Rb4 b5 41. a4 Rxh2 42. axb5 axb5 43. Rxb5+ Kc7 44. Bf3 Rh4 45. Rb4
Nh3 46. Rc4+ Kd6 47. b4 Rxf4 48. Rxf4 Nxf4 49. Kb2 e5 50. c4 Ne6 51. Kc3 Ng5
52. c5+ Kc7 53. Kd3 Ne6 54. Kc4 Nf8 55. b5 Nd7 56. Kd5 Nf6+ 57. Kxe5 Nd7+ 58.
Kd5 Nb8 59. b6+ Kd7 1-0

[Event "3. Open Internacional de Calviá"]
[Site "Calvia ESP"]
[Date "2006.10.28"]
[Round "9.16"]
[White "Zawadzki, Stanislaw"]
[Black "Rivera, Daniel"]
[Result "1/2-1/2"]
[WhiteElo "2422"]
[BlackElo "2309"]
[PlyCount "72"]
[EventDate "2006.10.20"]
[EventType "swiss"]
[EventRounds "9"]
[EventCountry "ESP"]
[Source "lmi"]
[SourceDate "2006.10.20"]

1. e4 e6 2. d4 d5 3. Nc3 Nf6 4. Bg5 dxe4 5. Nxe4 Be7 6. Bxf6 Bxf6 7. Nf3 Nd7 8.
Qe2 O-O 9. O-O-O b6 10. g4 Bb7 11. Rg1 Be7 12. g5 c5 13. Rg4 Qc7 14. Bg2 Rfd8
15. h4 Bxe4 16. Rxe4 Bf8 17. d5 exd5 18. Rxd5 Rab8 19. h5 g6 20. Nh4 Bg7 21.
Bh3 Nf8 22. Rxd8 Rxd8 23. f4 Rd4 24. h6 Bh8 25. c3 Rxe4 26. Qxe4 Qd6 27. Kc2 b5
28. a4 b4 29. Qc4 Qc6 30. Kb3 bxc3 31. bxc3 Qh1 32. Qd3 c4+ 33. Kxc4 Qc6+ 34.
Kb3 Qb6+ 35. Ka3 Qc5+ 36. Kb3 Qb6+ 1/2-1/2

[Event "3. Open Internacional de Calviá"]
[Site "Calvia ESP"]
[Date "2006.10.28"]
[Round "9.17"]
[White "Rendle, Thomas"]
[Black "Gonzales, Jayson"]
[Result "0-1"]
[WhiteElo "2382"]
[BlackElo "2418"]
[PlyCount "112"]
[EventDate "2006.10.20"]
[EventType "swiss"]
[EventRounds "9"]
[EventCountry "ESP"]
[Source "lmi"]
[SourceDate "2006.10.20"]

1. e4 c5 2. Nf3 e6 3. b3 b6 4. c4 Bb7 5. Nc3 d6 6. Bb2 Nf6 7. Bd3 Nc6 8. O-O
Be7 9. Rc1 O-O 10. Bb1 Nd4 11. Nxd4 cxd4 12. Ne2 Nxe4 13. Nxd4 Bf6 14. b4 d5
15. c5 bxc5 16. bxc5 Rc8 17. Bxe4 dxe4 18. Qa4 Qd5 19. c6 Ba8 20. Qb3 Rfd8 21.
Qxd5 Rxd5 22. Rc4 e5 23. Nb3 Rxc6 24. Rxc6 Bxc6 25. Rc1 Be8 26. Rc8 Rd8 27.
Rxd8 Bxd8 28. Bxe5 Bc6 29. Bc3 Bd5 30. Kf1 f5 31. g3 Bb6 32. h4 g6 33. Nc1 Kf7
34. a3 Bc4+ 35. Ke1 Ke6 36. Ne2 Bxe2 37. Kxe2 Kd5 38. f3 h5 39. fxe4+ fxe4 40.
d3 exd3+ 41. Kxd3 Bf2 42. Bf6 Bxg3 43. a4 a6 44. Bd8 Be1 45. Ke2 Bg3 46. Kd3
Be5 47. Bb6 Bf6 48. Bf2 g5 49. hxg5 Bxg5 50. Ke2 Kc4 51. Be1 Kb3 52. a5 Ka4 53.
Kf3 Bd8 54. Kg2 Bxa5 55. Bf2 Bd8 56. Bc5 Kb5 0-1

[Event "3. Open Internacional de Calviá"]
[Site "Calvia ESP"]
[Date "2006.10.28"]
[Round "9.18"]
[White "Ziska, Helgi Dam"]
[Black "Dziuba, Marcin"]
[Result "1-0"]
[WhiteElo "2364"]
[BlackElo "2535"]
[PlyCount "83"]
[EventDate "2006.10.20"]
[EventType "swiss"]
[EventRounds "9"]
[EventCountry "ESP"]
[Source "lmi"]
[SourceDate "2006.10.20"]

1. e4 c6 2. d4 d5 3. f3 e6 4. Nc3 Bb4 5. Bf4 Ne7 6. Qd3 b6 7. Nge2 Ba6 8. Qe3
O-O 9. O-O-O c5 10. a3 Bxc3 11. Qxc3 Bxe2 12. Bxe2 c4 13. h4 b5 14. h5 Nbc6 15.
Qe1 Qd7 16. h6 g6 17. e5 f6 18. exf6 Rxf6 19. Bg5 Rf7 20. f4 Nf5 21. Qf2 b4 22.
Rh3 Rb8 23. axb4 Rxb4 24. Bg4 Ra4 25. Bxf5 Rxf5 26. Ra3 Rxa3 27. bxa3 Rf8 28.
Qe3 Rb8 29. Re1 Kf7 30. g4 Re8 31. Re2 a6 32. Bh4 Qa7 33. c3 Qb8 34. Rb2 Qc7
35. Qf3 Rb8 36. f5 gxf5 37. gxf5 Rxb2 38. fxe6+ Ke8 39. Qh5+ Kf8 40. Bg3 Qe7
41. Bd6 Rf2 42. Qxd5 1-0

[Event "3. Open Internacional de Calviá"]
[Site "Calvia ESP"]
[Date "2006.10.28"]
[Round "9.19"]
[White "Neelotpal, Das"]
[Black "Kutuzov, Denis"]
[Result "1/2-1/2"]
[WhiteElo "2490"]
[BlackElo "2315"]
[PlyCount "107"]
[EventDate "2006.10.20"]
[EventType "swiss"]
[EventRounds "9"]
[EventCountry "ESP"]
[Source "lmi"]
[SourceDate "2006.10.20"]

1. e4 e6 2. d4 d5 3. Nd2 dxe4 4. Nxe4 Nd7 5. Nf3 Ngf6 6. Nxf6+ Nxf6 7. c3 Be7
8. Qa4+ Qd7 9. Qc2 O-O 10. Bd3 c5 11. Bg5 cxd4 12. Nxd4 h6 13. Bh4 Nd5 14. Bxe7
Qxe7 15. O-O Nf4 16. Be4 f5 17. Bf3 e5 18. Rfe1 Qf6 19. Ne2 Ng6 20. Bd5+ Kh8
21. Rad1 e4 22. f3 Qg5 23. Qc1 e3 24. f4 Nxf4 25. Nxf4 Qxf4 26. Qxe3 Qxe3+ 27.
Rxe3 Rd8 28. Rd4 a5 29. Re7 Ra6 30. Bc4 Rxd4 31. cxd4 Rc6 32. b3 Kh7 33. d5 Rd6
34. Rc7 Rd8 35. d6 Bd7 36. Rxb7 Bc6 37. Ra7 a4 38. bxa4 Rxd6 39. Bf1 Rd2 40. a5
Rxa2 41. a6 Be4 42. Rd7 Kg6 43. Rd6+ Kg5 44. Rd1 f4 45. Re1 Kf5 46. Re2 Ra1 47.
Rd2 g5 48. Kf2 g4 49. g3 f3 50. Rb2 Ke5 51. Rb5+ Kd4 52. Rb4+ Ke5 53. Rb5+ Kd4
54. Rb4+ 1/2-1/2

[Event "3. Open Internacional de Calviá"]
[Site "Calvia ESP"]
[Date "2006.10.28"]
[Round "9.20"]
[White "Pogorelov, Ruslan"]
[Black "Bogza, Adina-Maria"]
[Result "1-0"]
[WhiteElo "2462"]
[BlackElo "2308"]
[PlyCount "59"]
[EventDate "2006.10.20"]
[EventType "swiss"]
[EventRounds "9"]
[EventCountry "ESP"]
[Source "lmi"]
[SourceDate "2006.10.20"]

1. Nf3 g6 2. c4 f5 3. d4 d6 4. g3 Nf6 5. Bg2 Bg7 6. Nc3 O-O 7. O-O Qe8 8. Nd5
Nxd5 9. cxd5 Nd7 10. Qc2 Nf6 11. Qxc7 Nxd5 12. Qc4 e6 13. Bf4 Qe7 14. Qb3 h6
15. Bd2 g5 16. Ne1 Nf6 17. Nd3 Kh8 18. Rac1 f4 19. gxf4 Nh5 20. fxg5 Bxd4 21.
Bc3 e5 22. Bxd4 exd4 23. Qd5 Qxg5 24. Qxd4+ Nf6 25. Kh1 Bg4 26. Bxb7 Rg8 27.
Rg1 Qh4 28. Rc4 Qh5 29. Nf4 Qh4 30. Nh5 1-0

[Event "3. Open Internacional de Calviá"]
[Site "Calvia ESP"]
[Date "2006.10.28"]
[Round "9.21"]
[White "Ehsan, Ali"]
[Black "Laylo, Darwin"]
[Result "0-1"]
[WhiteElo "2236"]
[BlackElo "2448"]
[PlyCount "92"]
[EventDate "2006.10.20"]
[EventType "swiss"]
[EventRounds "9"]
[EventCountry "ESP"]
[Source "lmi"]
[SourceDate "2006.10.20"]

1. e4 c5 2. b3 d6 3. Bb2 Nf6 4. Bb5+ Nbd7 5. Nc3 a6 6. Be2 b5 7. d3 e5 8. Bf3
g6 9. Nge2 Bg7 10. O-O O-O 11. a4 b4 12. Nb1 Bb7 13. Nd2 Qc7 14. Nc4 d5 15.
exd5 Nxd5 16. Bxd5 Bxd5 17. f4 Bxc4 18. bxc4 f5 19. fxe5 Nxe5 20. Nf4 Rfe8 21.
Rb1 a5 22. h3 Rad8 23. Nd5 Qd7 24. Kh1 Nc6 25. Bf6 Rb8 26. Qd2 Re6 27. Qg5 Rf8
28. Bxg7 Qxg7 29. Rbe1 Rfe8 30. Nf6+ Qxf6 31. Qxf6 Rxf6 32. Rxe8+ Kf7 33. Rfe1
g5 34. Rc8 f4 35. Ree8 Kg6 36. Rg8+ Kh5 37. Rcf8 Re6 38. Re8 Rd6 39. Ra8 Nd4
40. Rxa5 Re6 41. Rxc5 h6 42. Rcc8 Re1+ 43. Kh2 Nf5 44. g4+ fxg3+ 45. Kg2 Re2+
46. Kg1 Ne3 0-1

[Event "3. Open Internacional de Calviá"]
[Site "Calvia ESP"]
[Date "2006.10.28"]
[Round "9.22"]
[White "Borges Mateos, Juan"]
[Black "Linik, Yaron"]
[Result "1-0"]
[WhiteElo "2431"]
[BlackElo "2150"]
[PlyCount "45"]
[EventDate "2006.10.20"]
[EventType "swiss"]
[EventRounds "9"]
[EventCountry "ESP"]
[Source "lmi"]
[SourceDate "2006.10.20"]

1. Nf3 Nf6 2. c4 g6 3. b3 Bg7 4. Bb2 O-O 5. g3 d6 6. d4 c5 7. Bg2 Na6 8. O-O
Rb8 9. Nc3 Nc7 10. dxc5 dxc5 11. Qc1 Ne6 12. Rd1 Qa5 13. Nd5 Nxd5 14. cxd5 Nc7
15. Bxg7 Kxg7 16. Qe3 Re8 17. Rac1 Na6 18. Rc4 b5 19. Rh4 h5 20. Rxh5 gxh5 21.
Qg5+ Kf8 22. Qxh5 e6 23. Qh8+ 1-0

[Event "3. Open Internacional de Calviá"]
[Site "Calvia ESP"]
[Date "2006.10.28"]
[Round "9.23"]
[White "Guennoun, Anthony"]
[Black "Spassov, Liuben"]
[Result "1/2-1/2"]
[WhiteElo "2122"]
[BlackElo "2365"]
[PlyCount "86"]
[EventDate "2006.10.20"]
[EventType "swiss"]
[EventRounds "9"]
[EventCountry "ESP"]
[Source "lmi"]
[SourceDate "2006.10.20"]

1. e4 c5 2. Nf3 e6 3. d4 cxd4 4. Nxd4 a6 5. Nc3 b5 6. g3 Bb7 7. Bg2 b4 8. Na4
Nf6 9. O-O Qa5 10. b3 h5 11. e5 Bxg2 12. Kxg2 Nd5 13. Qf3 Qc7 14. Bd2 Nc6 15.
Nxc6 Qxc6 16. c4 Ne7 17. Bxb4 h4 18. Qxc6 Nxc6 19. Bxf8 h3+ 20. Kf3 Kxf8 21.
Ke4 f5+ 22. exf6 gxf6 23. f4 Ke7 24. Rad1 f5+ 25. Kf3 d6 26. Rfe1 Rad8 27. Nc3
Kf6 28. Rd2 Rhg8 29. Red1 Ke7 30. Ne2 Rh8 31. Nd4 Rc8 32. Ne2 Rcd8 33. Kf2 e5
34. fxe5 dxe5 35. Rxd8 Nxd8 36. Rd5 Nf7 37. Ng1 Rh6 38. Kf3 Re6 39. Ke2 Kf6 40.
Rd7 Rb6 41. c5 Rb5 42. Rc7 Nd8 43. Kd1 Ke6 1/2-1/2